[Event "Olympiad Women-44"]
[Site "Chennai"]
[Date "2022.07.30"]
[Round "2.1"]
[White "Cori Tello, Deysi Estella"]
[Black "Shabanaj, Eglantina"]
[Result "1-0"]
[WhiteElo "2371"]
[BlackElo "1940"]
[PlyCount "73"]
[EventDate "2022.07.29"]
[EventType "team-swiss"]
[EventRounds "11"]
[EventCountry "IND"]
[SourceTitle "CBM 210"]
[Source "ChessBase"]
[SourceDate "2022.10.31"]
[SourceVersion "1"]
[SourceVersionDate "2022.10.31"]
[SourceQuality "1"]
[WhiteTeam "Peru (W)"]
[BlackTeam "Albania (W)"]
[WhiteTeamCountry "PER"]
[BlackTeamCountry "ALB"]

1. Nf3 Nf6 2. b3 e6 3. Bb2 Be7 4. e4 Nxe4 5. Bxg7 Rg8 6. Bb2 d5 7. d3 Nf6 8. Nbd2 Nbd7 9. g3 b6 10. Bg2 Bb7 11. a4 a5 12. Nd4 c5 13. Nb5 Bc6 14. Qe2 Bxb5 15. axb5 Qc7 16. c4 0-0-0 17. 0-0 Rde8 18. Rfe1 h5 19. Qf3 h4 20. cxd5 exd5 21. b4 hxg3 22. hxg3 Bd8 23. Rec1 Ne5 24. Bxe5 Qxe5 25. bxc5 bxc5 26. Nc4 Qb8 27. b6 Re6 28. Rxa5 Bxb6 29. Nxb6+ Rxb6 30. Raxc5+ Kd8 31. Bh3 Qe5 32. d4 Qxd4 33. Rc8+ Ke7 34. Qa3+ Rb4 35. Rxg8 Ne4 36. Rc7+ Kf6 37. Qf3+ 1-0

[Event "Online Olym Div2 C"]
[Site "Chess.com INT"]
[Date "2021.09.02"]
[Round "2.2"]
[White "Lahav, Michal"]
[Black "Shabanaj, Eglantina"]
[Result "1-0"]
[WhiteElo "2127"]
[BlackElo "2014"]
[PlyCount "63"]
[EventDate "2021.09.02"]
[EventType "team (rapid)"]
[EventRounds "9"]
[EventCountry "USA"]
[SourceTitle "CBM 204 Extra"]
[Source "ChessBase"]
[SourceDate "2021.11.30"]
[SourceVersion "1"]
[SourceVersionDate "2021.11.30"]
[SourceQuality "1"]
[WhiteTeam "Israel"]
[BlackTeam "Albania"]
[WhiteTeamCountry "ISR"]
[BlackTeamCountry "ALB"]

1. e4 g6 2. d4 Bg7 3. Nc3 d6 4. g3 Nd7 5. Bg2 Ngf6 6. Nge2 c6 7. 0-0 0-0 8. h3 Qc7 9. Be3 e5 10. Qd2 Re8 11. Rad1 Nb6 12. b3 Bd7 13. g4 Rad8 14. Ng3 Bc8 15. a4 Nbd7 16. g5 Nh5 17. Nxh5 gxh5 18. Qe2 exd4 19. Bxd4 Ne5 20. Qxh5 Ng6 21. Bxg7 Kxg7 22. f4 Qb6+ 23. Kh1 Qe3 24. Rd3 Qc5 25. Rg3 d5 26. f5 Ne5 27. Qh6+ Kg8 28. g6 hxg6 29. fxg6 fxg6 30. Rxg6+ Nxg6 31. Qxg6+ Kh8 32. Rf7 1-0

[Event "Mediterranean-ch 11th"]
[Site "Petrovac"]
[Date "2021.06.20"]
[Round "3"]
[White "Shabanaj, Eglantina"]
[Black "Kisic, Bozidar"]
[Result "1/2-1/2"]
[WhiteElo "1996"]
[BlackElo "2302"]
[PlyCount "128"]
[EventDate "2021.06.19"]
[EventType "swiss"]
[EventRounds "9"]
[EventCountry "MNE"]
[SourceTitle "CBM 203 Extra"]
[Source "ChessBase"]
[SourceDate "2021.09.30"]
[SourceVersion "1"]
[SourceVersionDate "2021.09.30"]
[SourceQuality "1"]

1. d4 Nf6 2. c4 c5 3. d5 b5 4. cxb5 a6 5. Nc3 d6 6. Nf3 axb5 7. Nxb5 Qa5+ 8. Nc3 g6 9. Bd2 Bg7 10. e4 0-0 11. Be2 Nbd7 12. 0-0 Ba6 13. Qc2 Bxe2 14. Nxe2 Qa4 15. Qxa4 Rxa4 16. Nc3 Rb4 17. e5 dxe5 18. Rab1 Ne8 19. Rfe1 Nd6 20. b3 Rb7 21. Ng5 h6 22. Nge4 f5 23. Nxd6 exd6 24. a4 Nf6 25. Nb5 Rd7 26. Rbd1 Ra8 27. f3 Ne8 28. Bc3 Nc7 29. Nxc7 Rxc7 30. Ra1 Rb7 31. Ra3 Kf7 32. a5 Ra6 33. Kf2 Rb5 34. g4 Bf6 35. Re2 Bg5 36. Rc2 h5 37. gxh5 gxh5 38. Ke2 e4 39. fxe4 fxe4 40. Kd1 Kg6 41. Rg2 Kh6 42. Re2 e3 43. Kc2 Kg6 44. Ra4 Kf5 45. h4 Bf4 46. Re1 Be5 47. Rxe3 Bxc3 48. Kxc3 Raxa5 49. Rxa5 Rxa5 50. Kc4 Ra1 51. Re6 Rc1+ 52. Kb5 Rc3 53. Rxd6 Rxb3+ 54. Kxc5 Rc3+ 55. Kd4 Rh3 56. Rd8 Rxh4+ 57. Kc5 Rh1 58. Kc6 h4 59. d6 Rc1+ 60. Kd7 h3 61. Rh8 Kg4 62. Kd8 Kg3 63. d7 h2 64. Ke8 Re1+ 1/2-1/2

[Event "Olympiad Women-43"]
[Site "Batumi"]
[Date "2018.09.26"]
[Round "3.34"]
[White "Shabanaj, Eglantina"]
[Black "Guindy, Esmat Susanne"]
[Result "0-1"]
[WhiteElo "1953"]
[BlackElo "2157"]
[PlyCount "58"]
[EventDate "2018.09.24"]
[EventType "team-swiss"]
[EventRounds "11"]
[EventCountry "GEO"]
[SourceTitle "EXT 2020"]
[Source "ChessBase"]
[SourceDate "2019.10.17"]
[SourceVersion "1"]
[SourceVersionDate "2019.10.17"]
[SourceQuality "1"]
[WhiteTeam "Albania (W)"]
[BlackTeam "Denmark (W)"]
[WhiteTeamCountry "ALB"]
[BlackTeamCountry "DEN"]

1. e4 e6 2. d4 d5 3. Nd2 Nf6 4. e5 Nfd7 5. Bd3 c5 6. c3 Nc6 7. Ne2 cxd4 8. cxd4 f6 9. Nf4 Nxd4 10. Qh5+ Ke7 11. Ng6+ hxg6 12. Qxh8 Nxe5 13. Bb1 Qc7 14. 0-0 Ne2+ 15. Kh1 Nxc1 16. Bxg6 Nxg6 17. Qh7 Nd3 18. Qxg6 Qc2 19. Kg1 Qxd2 20. Rad1 Ne5 21. Qg3 Qa5 22. Rfe1 Bd7 23. f4 Nc4 24. b4 Qb6+ 25. Kh1 d4 26. Re4 Ne3 27. Rd3 Rc8 28. Qe1 Qc6 29. Rdxd4 Nc2 0-1

[Event "Olympiad Women-43"]
[Site "Batumi"]
[Date "2018.09.25"]
[Round "2.39"]
[White "Shabanaj, Eglantina"]
[Black "Vazquez Maccarini, Danitza"]
[Result "1/2-1/2"]
[WhiteElo "1953"]
[BlackElo "2082"]
[PlyCount "42"]
[EventDate "2018.09.24"]
[EventType "team-swiss"]
[EventRounds "11"]
[EventCountry "GEO"]
[SourceTitle "EXT 2020"]
[Source "ChessBase"]
[SourceDate "2019.10.17"]
[SourceVersion "1"]
[SourceVersionDate "2019.10.17"]
[SourceQuality "1"]
[WhiteTeam "Albania (W)"]
[BlackTeam "Puerto Rico (W)"]
[WhiteTeamCountry "ALB"]
[BlackTeamCountry "PUR"]

1. d4 Nf6 2. Nf3 g6 3. c4 c5 4. d5 d6 5. Nc3 Bg7 6. e4 e6 7. dxe6 Bxe6 8. Bf4 Ke7 9. h3 Qd7 10. Qd3 Nh5 11. Bh2 Nc6 12. g4 Nb4 13. Qd2 Nf6 14. Rd1 Rhd8 15. a3 Nc6 16. Qe3 Ne8 17. Nb5 Kf8 18. Be2 Qe7 19. Rd2 a6 20. Nc3 Nd4 21. 0-0 Kg8 1/2-1/2

[Event "ALB-ch (Women)"]
[Site "Tirana"]
[Date "2017.09.29"]
[Round "7"]
[White "Shuqja, Klean"]
[Black "Shabanaj, Eglantina"]
[Result "0-1"]
[WhiteElo "1506"]
[BlackElo "1952"]
[PlyCount "46"]
[EventDate "2017.09.23"]
[EventType "tourn"]
[EventRounds "9"]
[EventCountry "ALB"]
[SourceTitle "EXT 2019"]
[Source "ChessBase"]
[SourceDate "2018.10.10"]
[SourceVersion "1"]
[SourceVersionDate "2018.10.10"]
[SourceQuality "1"]

1. e4 e5 2. Nf3 Nc6 3. Bc4 Nf6 4. d3 Be7 5. 0-0 0-0 6. Re1 d6 7. c3 Na5 8. Bb5 a6 9. Ba4 b5 10. Bc2 c5 11. h3 Nc6 12. Nbd2 Be6 13. Bb3 Bxb3 14. Qxb3 Qc7 15. Nf1 Rad8 16. Bg5 Nh5 17. Bxe7 Nxe7 18. Ne3 Nf4 19. Qc2 h6 20. Rac1 Qb7 21. Nh2 Qc8 22. Qd2 f5 23. exf5 Nxf5 0-1

[Event "ALB-ch (Women)"]
[Site "Tirana"]
[Date "2017.09.28"]
[Round "6"]
[White "Shabanaj, Eglantina"]
[Black "Tuzi, Bruna"]
[Result "1/2-1/2"]
[WhiteElo "1952"]
[BlackElo "1810"]
[PlyCount "76"]
[EventDate "2017.09.23"]
[EventType "tourn"]
[EventRounds "9"]
[EventCountry "ALB"]
[SourceTitle "EXT 2019"]
[Source "ChessBase"]
[SourceDate "2018.10.10"]
[SourceVersion "1"]
[SourceVersionDate "2018.10.10"]
[SourceQuality "1"]

1. Nf3 Nf6 2. g3 d5 3. Bg2 c5 4. 0-0 Nc6 5. c3 e5 6. d3 Be7 7. Nbd2 0-0 8. Qc2 Be6 9. Rd1 h6 10. e4 d4 11. Nf1 b5 12. Nh4 Rc8 13. Nf5 Nh7 14. f4 Bf6 15. Kh1 exf4 16. gxf4 Bxf5 17. exf5 Ne7 18. Be4 Qd7 19. Ng3 Bh4 20. Qg2 Bxg3 21. Qxg3 Nxf5 22. Qh3 g6 23. Rg1 Kh8 24. Bd2 Rfd8 25. Rae1 Nf6 26. Bxf5 Qxf5 27. Qxh6+ Kg8 28. Qg5 Qxg5 29. Rxg5 dxc3 30. Bxc3 Nd5 31. Bd2 Nb4 32. Bxb4 cxb4 33. f5 Kg7 34. fxg6 fxg6 35. Rxb5 Rc2 36. Rxb4 Rxd3 37. Rb7+ Kh6 38. Rxa7 Rxb2 1/2-1/2

[Event "Olympiad Women-42"]
[Site "Baku"]
[Date "2016.09.11"]
[Round "9.1"]
[White "Shabanaj, Eglantina"]
[Black "Milligan, Helen"]
[Result "1/2-1/2"]
[WhiteElo "1932"]
[BlackElo "2040"]
[PlyCount "70"]
[EventDate "2016.09.02"]
[EventType "team-swiss"]
[EventRounds "11"]
[EventCountry "AZE"]
[SourceTitle "CBM 174 Extra"]
[Source "ChessBase"]
[SourceDate "2016.10.10"]
[SourceVersion "1"]
[SourceVersionDate "2016.10.10"]
[SourceQuality "1"]
[WhiteTeam "Albania (W)"]
[BlackTeam "New Zealand (W)"]
[WhiteTeamCountry "ALB"]
[BlackTeamCountry "NZL"]

1. e4 e5 2. Nf3 Nc6 3. Nc3 Nf6 4. Bb5 d6 5. d4 exd4 6. Qxd4 Bd7 7. Bxc6 bxc6 8. Bg5 Be7 9. 0-0-0 0-0 10. Rhe1 c5 11. Qd2 Be6 12. Nd5 Nxd5 13. exd5 Bxg5 14. Qxg5 f6 15. Qg3 Bd7 16. h4 Re8 17. h5 Rxe1 18. Rxe1 Qf8 19. Nd2 Re8 20. Re3 Qf7 21. Qf3 Re5 22. Rxe5 fxe5 23. Qxf7+ Kxf7 24. f3 h6 25. g4 c6 26. c4 cxd5 27. cxd5 Bb5 28. Kd1 Bd3 29. Ke1 Kf6 30. Kf2 Ke7 31. Ke3 Bh7 32. a3 Bg8 33. Ke4 Bh7+ 34. Ke3 Bg8 35. Ke4 Bh7+ 1/2-1/2

[Event "Olympiad Women-42"]
[Site "Baku"]
[Date "2016.09.08"]
[Round "6.1"]
[White "Shabanaj, Eglantina"]
[Black "Lujan, Carolina"]
[Result "0-1"]
[WhiteElo "1932"]
[BlackElo "2378"]
[PlyCount "66"]
[EventDate "2016.09.02"]
[EventType "team-swiss"]
[EventRounds "11"]
[EventCountry "AZE"]
[SourceTitle "CBM 174 Extra"]
[Source "ChessBase"]
[SourceDate "2016.10.10"]
[SourceVersion "1"]
[SourceVersionDate "2016.10.10"]
[SourceQuality "1"]
[WhiteTeam "Albania (W)"]
[BlackTeam "Argentina (W)"]
[WhiteTeamCountry "ALB"]
[BlackTeamCountry "ARG"]

1. Nf3 c5 2. g3 g6 3. Bg2 Bg7 4. d3 Nc6 5. c3 e5 6. e4 d6 7. 0-0 Nge7 8. Re1 0-0 9. Nbd2 h6 10. Nf1 b6 11. Ne3 Be6 12. Qa4 Qd7 13. Bd2 a6 14. Rad1 b5 15. Qc2 Rac8 16. c4 Nd4 17. Qc1 Bh3 18. Nxd4 cxd4 19. Bxh3 Qxh3 20. Nd5 Nxd5 21. exd5 f5 22. f4 bxc4 23. dxc4 e4 24. Bb4 Rfd8 25. b3 h5 26. Rd2 Rd7 27. Rg2 Qg4 28. Qa3 d3 29. Qxa6 Bd4+ 30. Kh1 Rcd8 31. Bd2 Qf3 32. c5 Bxc5 33. Bc3 Ra7 0-1

[Event "EU-ch 17th"]
[Site "Gjakova"]
[Date "2016.05.14"]
[Round "3"]
[White "Kanmazalp, Ogulcan"]
[Black "Shabanaj, Eglantina"]
[Result "1-0"]
[WhiteElo "2442"]
[BlackElo "1945"]
[PlyCount "71"]
[EventDate "2016.05.12"]
[EventType "swiss"]
[EventRounds "11"]
[EventCountry "KOS"]
[SourceTitle "CBM 173"]
[Source "ChessBase"]
[SourceDate "2016.07.12"]
[SourceVersion "1"]
[SourceVersionDate "2016.07.12"]
[SourceQuality "1"]

1. e4 e5 2. Nf3 Nc6 3. Bb5 Nf6 4. d3 d6 5. c3 Be7 6. Nbd2 0-0 7. 0-0 a6 8. Ba4 b5 9. Bc2 Bg4 10. h3 Bh5 11. Re1 Re8 12. Nf1 Qd7 13. Ng3 Bxf3 14. Qxf3 Nd8 15. d4 c5 16. d5 Rc8 17. Nf5 Nb7 18. Qg3 g6 19. Nh6+ Kg7 20. Bd1 Rc7 21. Nf5+ Kh8 22. Nxe7 Qxe7 23. Bg5 c4 24. Qh4 Kg7 25. Re3 Nc5 26. Bc2 Rh8 27. Qh6+ Kg8 28. Rf3 Ncd7 29. a4 b4 30. cxb4 Rb7 31. b5 a5 32. Raa3 Qf8 33. Qxf8+ Kxf8 34. Bxf6 Rg8 35. Rac3 Nb6 36. Bd8 1-0

[Event "Olympiad Women-41"]
[Site "Tromsoe"]
[Date "2014.08.02"]
[Round "1.2"]
[White "Shabanaj, Eglantina"]
[Black "Melamed, Tatiana"]
[Result "0-1"]
[WhiteElo "2033"]
[BlackElo "2364"]
[PlyCount "126"]
[EventDate "2014.08.02"]
[EventType "team-swiss"]
[EventRounds "11"]
[EventCountry "NOR"]
[SourceTitle "CBM 162"]
[Source "ChessBase"]
[SourceDate "2014.09.17"]
[SourceVersion "1"]
[SourceVersionDate "2014.09.17"]
[SourceQuality "1"]
[WhiteTeam "Albania (W)"]
[BlackTeam "Germany (W)"]
[WhiteTeamCountry "ALB"]
[BlackTeamCountry "GER"]

1. e4 c5 2. b3 d6 3. Bb5+ Bd7 4. Bxd7+ Qxd7 5. Bb2 e5 6. d3 Nf6 7. Nf3 Be7 8. 0-0 Nc6 9. Nbd2 0-0 10. Ne1 d5 11. f4 dxe4 12. Nxe4 Nxe4 13. dxe4 Qxd1 14. Rxd1 exf4 15. Rxf4 Rfd8 16. Nd3 Bg5 17. Rf5 Be3+ 18. Kf1 b6 19. Ke2 Bd4 20. c3 g6 21. Rd5 Bg7 22. Nf4 Re8 23. Kf3 Ne5+ 24. Kg3 c4 25. h3 Rac8 26. R1d2 Bh6 27. Re2 Rc6 28. Rd4 Bg7 29. Rd5 h5 30. Red2 Bh6 31. Rd8 Rc8 32. Rxc8 Rxc8 33. Nd5 Kg7 34. Rd4 b5 35. Ba3 Nc6 36. Rd1 Rd8 37. Bc5 Rd7 38. Rf1 Bg5 39. h4 Bd8 40. Rf2 f6 41. Nf4 Bc7 42. Kh3 Bxf4 43. Rxf4 Rd3+ 44. Rf3 Ne5 45. Rxd3 cxd3 46. Be3 Ng4 47. Bf4 Nf2+ 48. Kg3 Nxe4+ 49. Kf3 Nxc3 50. Bd2 Nb1 51. Ba5 d2 52. Ke2 Kf7 53. Bxd2 Nxd2 54. Kxd2 Ke6 55. Kd3 Kd5 56. a3 g5 57. Ke3 Ke5 58. hxg5 fxg5 59. Kd3 h4 60. Ke3 g4 61. a4 b4 62. a5 h3 63. gxh3 gxh3 0-1

[Event "EU-ch (Women) 15th"]
[Site "Plovdiv"]
[Date "2014.07.17"]
[Round "11"]
[White "Khalafova, Narmin Ilgar Qizi"]
[Black "Shabanaj, Eglantina"]
[Result "1-0"]
[WhiteElo "2191"]
[BlackElo "2046"]
[PlyCount "65"]
[EventDate "2014.07.06"]
[EventType "swiss"]
[EventRounds "11"]
[EventCountry "BUL"]
[SourceTitle "CBM 162"]
[Source "ChessBase"]
[SourceDate "2014.09.17"]
[SourceVersion "1"]
[SourceVersionDate "2014.09.17"]
[SourceQuality "1"]

1. e4 d6 2. c4 Nf6 3. Nc3 e5 4. g3 g6 5. Bg2 Bg7 6. Nge2 0-0 7. 0-0 c6 8. d4 Nbd7 9. h3 Qc7 10. Be3 a5 11. Qd2 Re8 12. g4 Nf8 13. f4 h5 14. g5 N6h7 15. f5 exd4 16. Nxd4 Be5 17. Rf2 Bd7 18. Raf1 Re7 19. Rf3 Rd8 20. Rd1 Qc8 21. Qf2 Be8 22. h4 Bd7 23. Nde2 c5 24. Nd5 Ree8 25. Bd2 Bxb2 26. Bxa5 Rxe4 27. Ng3 Ba4 28. Nxe4 Re8 29. Qxb2 Rxe4 30. Rdf1 Qe8 31. fxg6 Nxg6 32. Rxf7 Rd4 33. Qxb7 1-0

[Event "EU-ch (Women) 15th"]
[Site "Plovdiv"]
[Date "2014.07.15"]
[Round "9"]
[White "Vasova, Mariya"]
[Black "Shabanaj, Eglantina"]
[Result "1-0"]
[WhiteElo "1991"]
[BlackElo "2046"]
[PlyCount "83"]
[EventDate "2014.07.06"]
[EventType "swiss"]
[EventRounds "11"]
[EventCountry "BUL"]
[SourceTitle "CBM 162"]
[Source "ChessBase"]
[SourceDate "2014.09.17"]
[SourceVersion "1"]
[SourceVersionDate "2014.09.17"]
[SourceQuality "1"]

1. e4 c6 2. d4 d5 3. e5 Bf5 4. Nc3 e6 5. g4 Bg6 6. h4 h6 7. Bd3 Bxd3 8. Qxd3 Be7 9. Nf3 Nd7 10. Be3 Qc7 11. 0-0-0 0-0-0 12. Kb1 a6 13. Na4 b5 14. Nc5 Bxc5 15. dxc5 Ne7 16. Rhe1 Kb7 17. Bd4 a5 18. h5 Ra8 19. Nh4 a4 20. f4 b4 21. f5 Ra5 22. fxe6 fxe6 23. Ng6 Nxg6 24. Qxg6 Nxc5 25. Rf1 Nd7 26. Qxg7 Rd8 27. Rf7 c5 28. Bf2 c4 29. Bh4 Raa8 30. Bxd8 Rxd8 31. g5 hxg5 32. h6 Kc6 33. h7 Qxe5 34. Rxd7 Qe2 35. Rc7+ Kd6 36. Rc1 b3 37. Qe7+ Ke5 38. Qxg5+ Ke4 39. Qxd8 bxc2+ 40. Rxc2 Qd1+ 41. Rc1 Qd3+ 42. Ka1 1-0

[Event "EU-ch (Women) 15th"]
[Site "Plovdiv"]
[Date "2014.07.06"]
[Round "1"]
[White "Shabanaj, Eglantina"]
[Black "Zimina, Olga"]
[Result "0-1"]
[WhiteElo "2046"]
[BlackElo "2351"]
[PlyCount "73"]
[EventDate "2014.07.06"]
[EventType "swiss"]
[EventRounds "11"]
[EventCountry "BUL"]
[SourceTitle "CBM 162"]
[Source "ChessBase"]
[SourceDate "2014.09.17"]
[SourceVersion "1"]
[SourceVersionDate "2014.09.17"]
[SourceQuality "1"]

1. e4 e5 2. Nf3 Nc6 3. Bb5 a6 4. Ba4 Nf6 5. 0-0 b5 6. Bb3 Bc5 7. d3 0-0 8. c3 d6 9. h3 h6 10. Re1 Bb6 11. Nbd2 Ne7 12. Nf1 Ng6 13. Ng3 Re8 14. Qc2 c5 15. Be3 Bb7 16. Rad1 d5 17. Qc1 Nh7 18. Nf5 Qf6 19. Nh2 h5 20. g4 c4 21. dxc4 bxc4 22. Ba4 Red8 23. gxh5 Bxe3 24. Qxe3 Nf4 25. Ng4 Qg5 26. h6 g6 27. Ng7 Nf6 28. Qg3 Nxg4 29. hxg4 Qxh6 30. Ne8 Rxe8 31. Bxe8 Rxe8 32. f3 dxe4 33. fxe4 Nh3+ 34. Kg2 Ng5 35. Rd7 Bxe4+ 36. Kf2 Bc6 37. Red1 0-1

[Event "SRB Central-ch op-A 4th"]
[Site "Paracin"]
[Date "2011.07.09"]
[Round "3"]
[White "Shabanaj, Eglantina"]
[Black "Savic, Dragan"]
[Result "0-1"]
[WhiteElo "2084"]
[BlackElo "2160"]
[PlyCount "104"]
[EventDate "2011.07.08"]
[EventType "swiss"]
[EventRounds "9"]
[EventCountry "SRB"]
[SourceTitle "CBM 143 Extra"]
[Source "ChessBase"]
[SourceDate "2011.08.29"]
[SourceVersion "1"]
[SourceVersionDate "2011.08.29"]
[SourceQuality "1"]

1. d4 Nf6 2. c4 c5 3. d5 b5 4. cxb5 a6 5. Nc3 g6 6. e4 d6 7. f3 Bg7 8. Be3 0-0 9. Bd3 axb5 10. Bxb5 Ba6 11. a4 Nfd7 12. Nge2 Ne5 13. 0-0 Nc4 14. Bxc4 Bxc4 15. Qd2 Qa5 16. Rfc1 Nd7 17. Bh6 Rfb8 18. Bxg7 Kxg7 19. f4 Rb3 20. Rc2 Rb4 21. Nc1 Nb6 22. h4 Bb3 23. Nxb3 Rxb3 24. f5 Nc4 25. Qf2 Nxb2 26. fxg6 hxg6 27. h5 f6 28. Qg3 g5 29. Qg4 Nd3 30. Ne2 Ne5 31. Qe6 Qa7 32. a5 Rh8 33. g4 Re3 34. Qf5 Rf3 35. Qe6 c4+ 36. Kh1 Rh3+ 37. Kg2 Rh4 38. Ng3 Rxg4 39. Rc3 Rxh5 40. Qxg4 Nxg4 41. Nxh5+ Kg6 42. Ng3 Qf2+ 43. Kh3 Ne5 44. Rh1 Nd3 45. a6 Qa2 46. Rf1 Qxa6 47. Nf5 Qa2 48. Nxe7+ Kf7 49. Nf5 Nf2+ 50. Rxf2 Qxf2 51. Re3 Qf1+ 52. Kg3 c3 0-1